[Event "ch-FRA Blitz Online Qual"]
[Site "Europe-Chess INT"]
[Date "2020.05.16"]
[Round "8"]
[White "Carvallo, Henri"]
[Black "Leccia, Antoine"]
[Result "0-1"]
[WhiteElo "2069"]
[BlackElo "1950"]
[WhiteFideId "619914"]
[BlackFideId "36087262"]
[EventDate "2020.05.16"]

1. d4 e6 2. Bf4 d5 3. e3 Nf6 4. Nf3 c5 5. c3 Bd6 6. Bg3 Qc7 7. dxc5 Qxc5 8. Bd3
Nbd7 9. Nbd2 O-O 10. O-O e5 11. e4 dxe4 12. Nxe4 Nxe4 13. Bxe4 Nf6 14. Bc2 Bg4
15. Re1 Rfe8 16. h3 Bh5 17. Qc1 Rad8 18. Ng5 h6 19. Ne4 Nxe4 20. Bxe4 Qc8 21.
Qc2 Bc5 22. Kh2 Kh8 23. f3 Qe6 24. Bxb7 Bg6 25. Be4 f5 26. Bd3 Qf6 27. Bb5 Re6
28. f4 exf4 29. Bxf4 Re4 30. Rf1 Bd6 31. Bxd6 Qxd6+ 32. Kh1 Qe5 33. Bd3 Rf4 34.
Rae1 Rxf1+ 35. Rxf1 Rf8 36. Qe2 Qa5 37. Bb1 Kh7 38. Qf3 Qb6 39. Qg3 Qxb2 40. h4
Qe2 41. Kh2 Qxf1 42. Bc2 Qe2 43. Bb3 Qe4 44. Qd6 Rf7 45. Bxf7 Bxf7 46. Qc7 Bd5
47. Qg3 f4 48. Qg4 Be6 49. Qd1 Bxa2 50. h5 Bd5 51. Qd2 Qxg2+ 52. Qxg2 Bxg2 53.
Kxg2 a5 54. Kf3 a4 55. c4 a3 56. c5 a2 57. c6 a1=Q 58. c7 Qc3+ 59. Kxf4 Qxc7+ 0-1

[Event "ch-FRA Blitz Online Qual"]
[Site "Europe-Chess INT"]
[Date "2020.05.16"]
[Round "8"]
[White "Mathieu, Phileas"]
[Black "Azymah, Remy"]
[Result "1-0"]
[WhiteElo "2214"]
[BlackElo "1934"]
[WhiteFideId "36048410"]
[BlackFideId "26014300"]
[EventDate "2020.05.16"]

1. e4 c5 2. Nf3 d6 3. d4 cxd4 4. Qxd4 a6 5. c4 Nc6 6. Qe3 Nf6 7. Nc3 e5 8. h3
Be7 9. Be2 h6 10. O-O Be6 11. Rd1 Qc7 12. b3 O-O 13. Ba3 Rfd8 14. Rd2 Rd7 15.
Rad1 Rad8 16. Bf1 Bf8 17. g3 Qa5 18. Bb2 b5 19. cxb5 axb5 20. Bxb5 Rc7 21. Ba4
Nb4 22. a3 Nc6 23. b4 Qa8 24. Kh2 Ra7 25. Bxc6 Qxc6 26. Nxe5 Qa8 27. Nf3 d5 28.
exd5 Nxd5 29. Nxd5 Rxd5 30. Nd4 Bc8 31. Nb5 Rad7 32. Rxd5 Rxd5 33. Nc7 Rxd1 34.
Nxa8 Bb7 35. f3 Bxa8 36. Qe2 1-0

[Event "ch-FRA Blitz Online Qual"]
[Site "Europe-Chess INT"]
[Date "2020.05.16"]
[Round "8"]
[White "Lebrun, Elias"]
[Black "Denjoy, Arnaud"]
[Result "0-1"]
[WhiteElo "1880"]
[BlackElo "2166"]
[WhiteFideId "26073110"]
[BlackFideId "26071185"]
[EventDate "2020.05.16"]

1. d4 Nf6 2. c4 e6 3. Nc3 Bb4 4. Qc2 O-O 5. Nf3 c5 6. dxc5 Na6 7. Bg5 Nxc5 8. e3
Nce4 9. Bxf6 Qxf6 10. Nd4 Nxc3 11. bxc3 Ba5 12. Bd3 g6 13. O-O d6 14. Rab1 e5
15. Ne2 Bb6 16. Rfd1 Be6 17. Ng3 Qe7 18. Be4 Rac8 19. Bd5 Rc7 20. Qd3 Bxd5 21.
cxd5 Rfc8 22. Rb3 f5 23. Ne2 e4 24. Qb1 Qe5 25. g3 g5 26. Qb2 Kh8 27. a4 f4 28.
exf4 gxf4 29. Nxf4 e3 30. c4 exf2+ 31. Kf1 Qxb2 32. Rxb2 Rxc4 33. Re2 Rc1 34.
Rd2 R8c2 35. Rxc2 Rxd1+ 36. Kg2 f1=Q# 0-1

[Event "ch-FRA Blitz Online Qual"]
[Site "Europe-Chess INT"]
[Date "2020.05.16"]
[Round "8"]
[White "Lorans, Sylvain"]
[Black "Bellahcene, Sofia"]
[Result "0-1"]
[WhiteElo "2086"]
[BlackElo "1948"]
[WhiteFideId "605794"]
[BlackFideId "26075954"]
[EventDate "2020.05.16"]

1. d4 d5 2. c4 e6 3. Nc3 c6 4. e4 dxc4 5. Bxc4 Nf6 6. Nf3 Bb4 7. Qd3 c5 8. a3
cxd4 9. Nxd4 Bxc3+ 10. bxc3 O-O 11. O-O Nbd7 12. f3 Ne5 13. Qe2 Nxc4 14. Qxc4
Bd7 15. Bg5 Rc8 16. Qb3 b6 17. e5 h6 18. exf6 hxg5 19. fxg7 Kxg7 20. f4 Qc7 21.
fxg5 Qxc3 22. Qd1 Qe3+ 23. Kh1 Qxg5 24. Nf5+ exf5 25. Qxd7 Rc2 26. Qd4+ f6 27.
Qg1 Rh8 28. Rad1 Rd2 29. Rxd2 Qxd2 30. Rd1 Qf4 31. Rf1 Qg5 32. Qf2 f4 33. Qxf4
Qxf4 34. Rxf4 Rc8 35. Kg1 Rc3 36. Ra4 a5 37. h4 Kg6 38. Kh2 Kh5 39. g3 f5 40.
Kh3 Rb3 41. Rf4 Kg6 42. a4 Rb4 43. h5+ Kg5 44. h6 Kxh6 45. Rxf5 Kg6 46. Rd5 Kg7
47. Rd6 Rxa4 48. Rxb6 Ra1 49. Ra6 a4 50. Kg4 a3 51. Kg5 a2 52. Ra7+ Kf8 53. g4
Ke8 54. Kg6 Kf8 55. g5 Ke8 56. Kf6 Rf1+ 57. Kg7 a1=Q+ 58. Rxa1 Rxa1 59. g6 Rh1
60. Kf6 Kf8 0-1

[Event "ch-FRA Blitz Online Qual"]
[Site "Europe-Chess INT"]
[Date "2020.05.16"]
[Round "8"]
[White "Vallee, Louis"]
[Black "Rodriguez Rodriguez, Antonio"]
[Result "1/2-1/2"]
[BlackTitle "FM"]
[WhiteElo "1864"]
[BlackElo "2112"]
[WhiteFideId "45103291"]
[BlackFideId "2219255"]
[EventDate "2020.05.16"]

1. d4 Nf6 2. c4 d6 3. Nc3 Bf5 4. Nf3 h6 5. Bf4 Nbd7 6. e3 c6 7. Bd3 Bxd3 8. Qxd3
g5 9. Bg3 Bg7 10. Nd2 a5 11. Nde4 Qb6 12. Qc2 O-O 13. O-O Rfe8 14. b3 Rad8 15.
Nxf6+ Nxf6 16. Ne4 Nd7 17. Rac1 f5 18. Nc3 Rf8 19. Qe2 e5 20. dxe5 dxe5 21. h3
Rfe8 22. Rfd1 f4 23. Bh2 Nc5 24. Rxd8 Rxd8 25. Rd1 Qc7 26. Rd2 Kf7 27. Qd1 Ke7
28. Rxd8 Qxd8 29. Qxd8+ Kxd8 30. Kf1 Ke7 31. Ke2 Ke6 32. e4 Bf8 33. f3 Kf6 34.
Bg1 Ne6 35. Na4 Bb4 36. Kd3 Ke7 37. Bb6 Kd6 38. Nb2 Bc5 39. Bxa5 Bd4 40. Bc3 b5
41. cxb5 cxb5 42. Nd1 Kc5 43. b4+ Kc6 44. Bxd4 Nxd4 45. Nc3 h5 46. Nd5 Kd6 47.
Nf6 h4 48. Kc3 Ne2+ 49. Kd3 Nc1+ 50. Kc2 Nxa2 51. Kb3 Nc1+ 52. Kb2 Nd3+ 53. Kc3
Ne1 54. Nh7 Nxg2 55. Nxg5 Ne1 56. Kd2 Ng2 57. Ke2 Ne3 58. Kd3 Ng2 59. Nf7+ Ke6
60. Nd8+ Kd7 61. Nb7 Ne1+ 62. Ke2 Nc2 63. Nc5+ Kc6 64. Nd3 Nd4+ 65. Kf2 Kd6 66.
Nc5 Nc2 67. Nd3 Ke6 68. Ke2 Ne3 69. Nf2 Kf6 70. Ng4+ Nxg4 71. hxg4 Kg6 72. Kf2
Kh6 73. Kg2 Kg6 74. Kh3 Kg5 75. Kh2 Kh6 76. Kg2 Kg6 1/2-1/2

[Event "ch-FRA Blitz Online Qual"]
[Site "Europe-Chess INT"]
[Date "2020.05.16"]
[Round "8"]
[White "Masset, Jacques"]
[Black "Oney, Remel"]
[Result "1-0"]
[WhiteElo "2058"]
[BlackElo "1781"]
[WhiteFideId "20603703"]
[BlackFideId "6310125"]
[EventDate "2020.05.16"]

1. d4 Nf6 2. c4 g6 3. Nc3 Bg7 4. e4 d6 5. Nf3 O-O 6. Be2 Nbd7 7. Bg5 e5 8. dxe5
dxe5 9. Qd2 c6 10. Rd1 Qc7 11. Qd6 Qxd6 12. Rxd6 Ne8 13. Rd1 f6 14. Be3 f5 15.
O-O f4 16. Bc1 Nc5 17. b4 Ne6 18. c5 Nd4 19. Bc4+ Kh8 20. a4 Nxf3+ 21. gxf3 Nc7
22. Rd6 Bh3 23. Rfd1 Ne8 24. Rd8 Nf6 25. Rxa8 Rxa8 26. Bf1 Be6 27. Rd6 Bb3 28.
a5 Kg8 29. Bb2 Ne8 30. Rd2 Kf7 31. Rd7+ Kf6 32. Ne2 h5 33. Nxf4 Kg5 34. Ne2 Bh6
35. Bc1+ Kh4 36. Bxh6 Nf6 37. Rd2 g5 38. Bg7 Ne8 39. Bxe5 1-0

[Event "ch-FRA Blitz Online Qual"]
[Site "Europe-Chess INT"]
[Date "2020.05.16"]
[Round "8"]
[White "Lamorelle, Yves"]
[Black "Huynh, Nicolas"]
[Result "1-0"]
[WhiteTitle "FM"]
[WhiteElo "2052"]
[BlackElo "1836"]
[WhiteFideId "601810"]
[BlackFideId "36081302"]
[EventDate "2020.05.16"]

1. e4 c5 2. Nf3 d6 3. d4 cxd4 4. Qxd4 Nc6 5. Bb5 Bd7 6. Bxc6 Bxc6 7. Nc3 h6 8.
Be3 Nf6 9. O-O-O e6 10. h3 a6 11. g4 Be7 12. g5 hxg5 13. Bxg5 Qc7 14. h4 b5 15.
Rhe1 b4 16. Nd5 Bxd5 17. exd5 Nxd5 18. Qxg7 Rf8 19. Rxd5 O-O-O 20. Bxe7 Qxe7 21.
Rd3 Rg8 22. Qd4 Qb7 23. Rb3 Rg2 24. Nd2 a5 25. a3 e5 26. Qc4+ Kd7 27. Qxf7+ Kc6
28. Qxb7+ Kxb7 29. axb4 axb4 1-0

[Event "ch-FRA Blitz Online Qual"]
[Site "Europe-Chess INT"]
[Date "2020.05.16"]
[Round "8"]
[White "Dore, Armand"]
[Black "Hue, Victor"]
[Result "0-1"]
[WhiteElo "1855"]
[BlackElo "2038"]
[WhiteFideId "680508"]
[BlackFideId "26045710"]
[EventDate "2020.05.16"]

1. Nf3 d5 2. c4 c6 3. e3 Nf6 4. d4 e6 5. Nc3 Nbd7 6. Bd3 dxc4 7. Bxc4 b5 8. Bd3
a6 9. O-O c5 10. b3 Bb7 11. Bb2 cxd4 12. Nxd4 Rc8 13. Rc1 Bd6 14. Bb1 Bc5 15.
Qe2 O-O 16. Rfd1 Qa5 17. a3 Bxa3 18. Bxa3 Qxa3 19. g4 b4 20. Na2 Qa5 21. Rxc8
Rxc8 22. h4 g5 23. h5 Ne5 24. f3 Rd8 25. Rf1 h6 26. Nc1 Qc7 27. Kg2 Nexg4 28.
Rh1 Nd5 29. Qd3 Ndxe3+ 30. Kg1 Qg3# 0-1

[Event "ch-FRA Blitz Online Qual"]
[Site "Europe-Chess INT"]
[Date "2020.05.16"]
[Round "8"]
[White "Sobry, Sebastien"]
[Black "Demarche, Laurent"]
[Result "1-0"]
[WhiteElo "2034"]
[BlackElo "1835"]
[WhiteFideId "622516"]
[BlackFideId "609757"]
[EventDate "2020.05.16"]

1. e4 e5 2. Nf3 d6 3. Bc4 Be7 4. O-O Nf6 5. d3 O-O 6. h3 c6 7. c3 d5 8. exd5
cxd5 9. Bb3 Nc6 10. Ba4 Qd6 11. Bg5 a6 12. Nbd2 b5 13. Bb3 Be6 14. Bh4 Nd7 15.
Bg3 f6 16. Re1 Rac8 17. d4 Qc7 18. Nf1 Qb6 19. dxe5 fxe5 20. Bxd5 Nd8 21. Nxe5
Nxe5 22. Rxe5 Bxd5 23. Qxd5+ Kh8 24. Rxe7 Rc5 25. Qd2 Rcf5 26. Ne3 R5f7 27. Rxf7
Nxf7 28. Qd4 Rd8 29. Qxb6 1-0

[Event "ch-FRA Blitz Online Qual"]
[Site "Europe-Chess INT"]
[Date "2020.05.16"]
[Round "8"]
[White "Le Bas, Alexis"]
[Black "Kuhn, Clement"]
[Result "1-0"]
[BlackTitle "CM"]
[WhiteElo "1889"]
[BlackElo "2150"]
[WhiteFideId "651087"]
[BlackFideId "36099775"]
[EventDate "2020.05.16"]

1. d4 Nf6 2. Bf4 g6 3. c3 Bg7 4. Nf3 O-O 5. Nbd2 d6 6. e3 Nbd7 7. Bd3 b6 8. O-O
Bb7 9. e4 e5 10. Bg5 h6 11. Bh4 Qe7 12. Rc1 g5 13. Bg3 Nh5 14. Re1 Rad8 15. Bc4
Nf4 16. Bxf4 gxf4 17. Qa4 a6 18. Qb3 Kh8 19. a4 f5 20. exf5 Rxf5 21. Bd5 c6 22.
Be6 Rff8 23. Bxd7 Rxd7 24. Qxb6 c5 25. dxc5 dxc5 26. Ne4 Rc8 27. Qg6 Rc6 28. Nh4
Rd8 29. Qxc6 Bxc6 30. Ng6+ Kh7 31. Nxe7 Bxa4 32. Nf5 Bf8 33. f3 Kg6 34. Nh4+ Kh5
35. g3 Bc6 36. Rcd1 Rc8 37. Rd2 Rc7 38. Red1 fxg3 39. hxg3 Bxe4 40. fxe4 Kg4 41.
Kg2 c4 42. Nf5 Bc5 43. Rd5 Ba7 44. Rxe5 Rb7 45. Rd2 Kg5 46. Nd6+ Kf6 47. Nxb7
Kxe5 48. Kf3 Bb6 49. Nd8 Bxd8 50. Rxd8 a5 51. Ra8 Ke6 52. Rxa5 h5 53. Rxh5 Kd6
54. g4 Ke6 55. g5 Kf7 56. Kf4 Kg7 57. Kf5 Kf7 58. Rh6 Kf8 59. Rh7 Kg8 60. Ra7
Kf8 61. Ke6 Kg8 62. Kf6 Kh8 63. Kg6 1-0

[Event "ch-FRA Blitz Online Qual"]
[Site "Europe-Chess INT"]
[Date "2020.05.16"]
[Round "8"]
[White "Vine, Guillaume"]
[Black "Roussel, Simon"]
[Result "0-1"]
[WhiteElo "1824"]
[BlackElo "2140"]
[WhiteFideId "20654219"]
[BlackFideId "26025710"]
[EventDate "2020.05.16"]

1. Nf3 d5 2. d4 g6 3. c4 c6 4. Nc3 Bg7 5. Bf4 Nf6 6. e3 O-O 7. Bd3 Nbd7 8. O-O
h6 9. cxd5 cxd5 10. Ne5 Nxe5 11. Bxe5 e6 12. Nb5 Bd7 13. Rc1 Ne8 14. Bxg7 Kxg7
15. Qb3 a6 16. Nc3 b5 17. Ne2 Nd6 18. Qb4 Qb8 19. b3 a5 20. Qd2 b4 21. Rc2 Rc8
22. Rfc1 Rxc2 23. Qxc2 Ra7 24. Qc5 Kf6 25. Ng3 Bb5 26. e4 Bxd3 27. e5+ Ke7 28.
exd6+ Kd7 29. Nf1 Rb7 30. Qxa5 Qxd6 31. Ne3 Qb6 32. Qc5 Qxc5 33. dxc5 Kc6 34.
Nd1 e5 35. Nb2 Bb5 36. f3 f5 37. Kf2 e4 38. Ke3 Rd7 39. Kd4 Re7 40. Re1 Re6 41.
Nd1 Bd3 42. Nb2 Bb5 43. Nd1 g5 44. Nb2 f4 45. fxe4 dxe4 46. Nc4 Bxc4 47. Kxc4 e3
48. Kxb4 Re4+ 49. Kc3 Kxc5 50. a3 g4 51. Kd3 Re7 52. Rc1+ Kd5 53. b4 e2 54. Re1
f3 55. gxf3 gxf3 56. a4 f2 57. Rxe2 f1=Q 0-1

[Event "ch-FRA Blitz Online Qual"]
[Site "Europe-Chess INT"]
[Date "2020.05.16"]
[Round "8"]
[White "Lauron, Wesley"]
[Black "Zeller, Thomas"]
[Result "1-0"]
[WhiteElo "1878"]
[BlackElo "1792"]
[WhiteFideId "36012769"]
[BlackFideId "26057069"]
[EventDate "2020.05.16"]

1. e4 e5 2. Nf3 Nc6 3. Bb5 a6 4. Ba4 Nf6 5. O-O b5 6. Bb3 Bb7 7. d3 Bd6 8. c3
O-O 9. h3 Re8 10. Bg5 Be7 11. Re1 d6 12. Nbd2 Na5 13. Bc2 c5 14. Nf1 Nh5 15.
Bxe7 Qxe7 16. Ng3 Nf4 17. Nf5 Qf6 18. Kh2 Bc8 19. g3 Bxf5 20. gxf4 Bg6 21. f5
Bh5 22. Kg3 g6 23. fxg6 Qf4+ 24. Kg2 fxg6 25. Re3 Rf8 26. Qe2 Ra7 27. Rh1 Raf7
28. Bd1 Nb7 29. Qf1 Bxf3+ 30. Rxf3 Qd2 31. Rxf7 Rxf7 32. Qe2 Qf4 33. Rf1 Nd8 34.
Qg4 Qxg4+ 35. Bxg4 Ne6 36. Bxe6 1-0

[Event "ch-FRA Blitz Online Qual"]
[Site "Europe-Chess INT"]
[Date "2020.05.16"]
[Round "8"]
[White "Duquesne, Adrien"]
[Black "Emmenecker, Philippe"]
[Result "1-0"]
[WhiteElo "2147"]
[BlackElo "2100"]
[WhiteFideId "20650582"]
[BlackFideId "616273"]
[EventDate "2020.05.16"]

1. d4 Nf6 2. c4 g6 3. Nc3 Bg7 4. e4 d6 5. Nf3 O-O 6. Be2 Nbd7 7. O-O e5 8. Be3
Re8 9. d5 Nh5 10. g3 Bf8 11. Ne1 Ng7 12. Nd3 f5 13. f3 Be7 14. Qd2 Nf6 15. Bh6
fxe4 16. fxe4 Bh3 17. Rf2 Qd7 18. Rc1 Rf8 19. c5 Ng4 20. c6 bxc6 21. dxc6 Qe6
22. Bxg4 Qxg4 23. Nd5 Bd8 24. Rxf8+ Kxf8 25. Nf2 Qe6 26. Nxh3 Qxh3 27. Rf1+ Kg8
28. Qf2 Nf5 29. Bc1 Rb8 30. exf5 gxf5 31. Qxf5 Qxf5 32. Rxf5 Rb5 33. Nc3 Rc5 34.
Be3 Rc4 35. Bxa7 Rxc6 36. Be3 Kg7 37. Rf1 Bf6 38. Nd5 Bd8 39. Rc1 Ra6 40. Nxc7
Rxa2 41. Ne6+ Kf6 42. Nxd8 Rxb2 43. Rd1 Ke7 44. Nc6+ Kd7 45. Nxe5+ Ke6 46. Nc4
Rb3 47. Rxd6+ 1-0

[Event "ch-FRA Blitz Online Qual"]
[Site "Europe-Chess INT"]
[Date "2020.05.16"]
[Round "8"]
[White "Verspecht, Thierry"]
[Black "Moracchini, Margaux"]
[Result "0-1"]
[WhiteElo "2033"]
[BlackElo "1933"]
[WhiteFideId "202010"]
[BlackFideId "36018198"]
[EventDate "2020.05.16"]

1. e4 c5 2. Nf3 d6 3. d4 cxd4 4. Nxd4 Nf6 5. Nc3 g6 6. Be3 Bg7 7. Be2 a6 8. O-O
O-O 9. a4 Nc6 10. Nb3 Bd7 11. f4 Rc8 12. Bf3 h5 13. Kh1 Ng4 14. Bg1 Nb4 15. Nd4
Nc6 16. h3 Nf6 17. Qd2 Nxd4 18. Bxd4 b5 19. axb5 axb5 20. Rfe1 b4 21. Nd5 Nxd5
22. Bxg7 Kxg7 23. exd5 Bf5 24. Qxb4 Rxc2 25. Ra7 Rc7 26. Qd4+ Kg8 27. Ra3 Qc8
28. Rae3 Re8 29. Be4 Rc4 30. Qd3 Bxe4 31. Rxe4 Rxe4 32. Qxe4 Qb7 33. Re2 Qb5 34.
f5 gxf5 35. Qf3 Qc4 36. Qxh5 Qc1+ 37. Kh2 Qf4+ 38. g3 Qc4 39. Qg5+ Kf8 40. Qh6+
Kg8 41. Qg5+ Kf8 42. Rf2 Qxd5 43. Qh6+ Kg8 44. Qg5+ Kf8 45. h4 e6 46. h5 Qe5 47.
h6 Qh8 48. Kg2 Qg8 49. Qf6 Qh7 50. Rc2 Qg6 51. Qh8+ Qg8 52. Qf6 Qg6 53. Qh4 Kg8
54. Rc7 Kh7 55. Rd7 d5 56. Rc7 Qxh6 57. Qxh6+ Kxh6 58. Rxf7 Kg6 59. Rb7 Kf6 60.
Kf3 Ke5 61. Ke3 d4+ 62. Kd3 Rd8 63. Rb5+ Rd5 64. Rb8 Rd6 65. b4 Kd5 66. Rb5+ Kc6
67. Re5 Kd7 68. Kc4 d3 69. Re1 d2 70. Rd1 Kc6 71. Kc3 Kb5 0-1

[Event "ch-FRA Blitz Online Qual"]
[Site "Europe-Chess INT"]
[Date "2020.05.16"]
[Round "8"]
[White "Larmet, Nino"]
[Black "Poulet, Benoit"]
[Result "0-1"]
[WhiteElo "1818"]
[BlackElo "2094"]
[WhiteFideId "45105219"]
[BlackFideId "26085844"]
[EventDate "2020.05.16"]

1. e4 c5 2. Nc3 Nc6 3. g3 g6 4. Bg2 Bg7 5. d3 e6 6. Nge2 Nge7 7. Bg5 O-O 8. O-O
d6 9. Qd2 Rb8 10. Bh6 b5 11. Bxg7 Kxg7 12. Nd1 b4 13. Ne3 Ba6 14. f4 f5 15. Rfe1
Nd4 16. e5 d5 17. c3 bxc3 18. bxc3 Nxe2+ 19. Rxe2 Qa5 20. Rf2 Rb6 21. d4 Rfb8
22. Qc1 Bd3 23. Bf1 Rb1 24. Rxb1 Rxb1 25. Qd2 Bxf1 26. Nxf1 Nc6 27. Kg2 Qb6 28.
dxc5 Qxc5 29. Qe3 Qc4 30. Nd2 Qxa2 31. Nf3 Rb2 32. Ng5 Rxf2+ 33. Qxf2 Qxf2+ 34.
Kxf2 Nd8 35. Ke3 h6 36. Nf3 Nc6 37. Nd4 Nxd4 38. cxd4 g5 39. Kd3 Kg6 40. Kc3 Kh5
41. Kb4 Kg4 42. Kc3 gxf4 43. gxf4 Kxf4 44. Kb4 Ke3 45. Kc5 f4 46. Kd6 f3 47.
Kxe6 f2 48. Kd7 f1=Q 49. e6 Qf5 50. Kd6 Qf6 51. Kd7 Kxd4 52. e7 Qf7 53. Kd8 Ke3
54. e8=Q+ Qxe8+ 55. Kxe8 d4 56. Kd7 d3 57. Kc6 d2 58. Kb7 d1=Q 59. Kxa7 Qb3 0-1

[Event "ch-FRA Blitz Online Qual"]
[Site "Europe-Chess INT"]
[Date "2020.05.16"]
[Round "8"]
[White "Iglesias, Christophe"]
[Black "Alvin, Leo"]
[Result "1-0"]
[WhiteElo "1815"]
[BlackElo "2025"]
[WhiteFideId "551007584"]
[BlackFideId "695645"]
[EventDate "2020.05.16"]

1. e4 c5 2. Ne2 g6 3. Nbc3 Bg7 4. g3 Nc6 5. Bg2 d6 6. d3 e5 7. O-O Nge7 8. f4
O-O 9. h3 f5 10. exf5 Nxf5 11. Bd5+ Kh8 12. g4 Nfd4 13. Nxd4 Nxd4 14. Ne4 Qh4
15. Kg2 Qe7 16. c3 Ne6 17. Qf3 Nxf4+ 18. Bxf4 Rxf4 19. Qg3 g5 20. Rf2 Be6 21.
Bxe6 Qxe6 22. Nxg5 Qd5+ 23. Rf3 Raf8 24. Rf1 h6 25. Ne4 Qxa2 26. Rxf4 exf4 27.
Qf2 Qd5 28. Kg1 Qxd3 29. Qf3 Qa6 30. g5 d5 31. gxh6 Qxh6 32. Nxc5 d4 33. Ne4
dxc3 34. bxc3 Be5 35. Kf2 Qh4+ 36. Ke2 Re8 37. Kd3 Qd8+ 38. Kc2 Qh4 39. Rg1 Bg7
40. Rg4 Qh7 41. Rxf4 Bh6 42. Rh4 Rf8 43. Qh5 1-0

[Event "ch-FRA Blitz Online Qual"]
[Site "Europe-Chess INT"]
[Date "2020.05.16"]
[Round "8"]
[White "Nguyen, Thao Nhi"]
[Black "Jouneau, Quentin"]
[Result "0-1"]
[WhiteElo "1951"]
[BlackElo "2018"]
[WhiteFideId "36000310"]
[BlackFideId "649716"]
[EventDate "2020.05.16"]

1. e4 c5 2. Nc3 e6 3. f4 Nc6 4. Nf3 d5 5. d3 d4 6. Ne2 Nf6 7. g3 Be7 8. Bg2 O-O
9. O-O Rb8 10. c3 Qc7 11. Kh1 Rd8 12. cxd4 Nxd4 13. Nexd4 cxd4 14. b3 b5 15. Bb2
Qb6 16. e5 Nd5 17. Bxd4 Qa5 18. Qe1 Bb4 19. Qf2 Bb7 20. Bxa7 Rbc8 21. Nd4 Qxa7
22. Nxb5 Qxf2 23. Rxf2 Ba6 24. a4 Bxb5 25. axb5 Rb8 26. Bxd5 Rxd5 27. Ra4 Rdxb5
28. Rfa2 Bf8 29. b4 Rxb4 30. Rxb4 Rxb4 31. Kg2 g6 32. Kf3 Kg7 33. g4 Rd4 34. Rd2
Bb4 35. Rd1 Kf8 36. Ke3 Bc5 37. Rc1 Rc4+ 38. Kd2 Rxc1 39. Kxc1 Ke7 40. Kc2 Be3
41. f5 Bd4 42. f6+ Kd7 0-1

[Event "ch-FRA Blitz Online Qual"]
[Site "Europe-Chess INT"]
[Date "2020.05.16"]
[Round "8"]
[White "Pothieux, Philippe"]
[Black "Bailly, Thierry"]
[Result "0-1"]
[WhiteElo "1796"]
[BlackElo "1989"]
[WhiteFideId "20606036"]
[BlackFideId "26051680"]
[EventDate "2020.05.16"]

1. d4 Nf6 2. c4 e6 3. Nc3 Bb4 4. Bd2 O-O 5. e3 d5 6. Nf3 Nc6 7. Rc1 Re8 8. Be2
Bxc3 9. Bxc3 Ne4 10. O-O Bd7 11. a3 a5 12. b3 Qe7 13. Bb2 f6 14. Qc2 f5 15. cxd5
exd5 16. Bb5 Nb4 17. axb4 Bxb5 18. Rfe1 c6 19. bxa5 Rxa5 20. Ra1 Rea8 21. Rxa5
Rxa5 22. Ra1 Rxa1+ 23. Bxa1 Qa3 24. Qb2 Qb4 25. h3 g5 26. g3 g4 27. hxg4 fxg4
28. Ne5 Qe1+ 29. Kg2 Bf1+ 30. Kh2 Bh3 31. Qa2 Kg7 32. Nxc6 Nxf2 0-1

[Event "ch-FRA Blitz Online Qual"]
[Site "Europe-Chess INT"]
[Date "2020.05.16"]
[Round "8"]
[White "Suez-Panama, Gilles"]
[Black "Rasolo, Loick"]
[Result "1-0"]
[WhiteElo "1943"]
[BlackElo "1951"]
[WhiteFideId "620165"]
[BlackFideId "36004049"]
[EventDate "2020.05.16"]

1. d4 Nf6 2. Nf3 c5 3. d5 d6 4. c4 g6 5. Nc3 Bg7 6. g3 O-O 7. Bg2 Na6 8. O-O Nc7
9. Qc2 a6 10. a4 Rb8 11. a5 e5 12. h3 Bf5 13. e4 Bd7 14. Bg5 Qc8 15. Kh2 h6 16.
Be3 Nh5 17. Qd2 Kh7 18. Nh4 Qd8 19. Na4 f5 20. exf5 gxf5 21. f4 e4 22. Nb6 Bf6
23. Nxd7 Qxd7 24. Bh1 Bxh4 25. gxh4 Rg8 26. Rg1 Qe7 27. Qc3 Qxh4 28. Raf1 Rg3
29. Bg2 Rbg8 30. Qe1 Qf6 31. Bf2 R3g6 32. Bh1 Nxf4 33. Rxg6 Nxg6 34. Qd2 Qe5+
35. Bg3 Qf6 36. Bxe4 Ne7 37. Qc2 Rf8 38. Bd3 Qg5 39. Rf4 Kh8 40. Qc3+ Qg7 41.
Qc2 Qg5 42. Rf3 f4 43. Bf2 Rg8 44. Qc3+ Qg7 45. Bf1 Qxc3 46. Rxc3 Ng6 47. Rf3
Rf8 48. Be1 Ne8 49. Bc3+ Kh7 50. Bd3 1-0

[Event "ch-FRA Blitz Online Qual"]
[Site "Europe-Chess INT"]
[Date "2020.05.16"]
[Round "8"]
[White "Thomas, Anysia"]
[Black "Hassler, Tim"]
[Result "1-0"]
[WhiteTitle "WFM"]
[WhiteElo "2160"]
[BlackElo "1933"]
[WhiteFideId "670472"]
[BlackFideId "36052566"]
[EventDate "2020.05.16"]

1. d4 d5 2. c4 e6 3. Nf3 Nf6 4. g3 dxc4 5. Bg2 c6 6. O-O Bd6 7. Qc2 b5 8. e4 Bc7
9. a4 Bb7 10. Nc3 a6 11. Bg5 h6 12. Bxf6 Qxf6 13. e5 Qe7 14. Nd2 Nd7 15. axb5
axb5 16. Nxb5 cxb5 17. Bxb7 Rxa1 18. Rxa1 O-O 19. Bc6 Rb8 20. Ra7 Nf8 21. Ne4
Rd8 22. Nd6 Bxd6 23. Rxe7 Bxe7 24. Qe4 b4 25. d5 exd5 26. Bxd5 c3 27. bxc3 bxc3
28. Qc4 g6 29. Bxf7+ Kg7 30. Bg8 c2 31. Qxc2 Kxg8 32. Kg2 Kg7 33. Qb2 Kf7 34.
Qb3+ Ne6 35. Qf3+ Kg7 36. Qg4 Ng5 37. Qa4 Bf8 38. h4 Nf7 39. Qa7 Re8 40. Qd7
Rxe5 41. f4 Re7 42. Qd4+ Kh7 43. Kf3 Nh8 44. Qc4 Kg7 45. Qc3+ Kf7 46. Qb3+ Ke8
47. Qb8+ Kf7 48. Qb2 Re6 49. Qxh8 Bg7 50. Qc8 Rd6 51. Qc7+ Ke6 52. Qc4+ Ke7 53.
Qe4+ Kf8 54. Qa8+ Kf7 55. Qb7+ Ke8 56. g4 Rd7 57. Qc8+ Ke7 58. Qc5+ Ke8 59. f5
gxf5 60. gxf5 Bf6 61. Qc6 Bxh4 62. Ke4 Bg5 63. Ke5 Ke7 64. f6+ Ke8 65. Ke6 Bxf6
66. Qxd7+ Kf8 67. Qf7# 1-0

[Event "ch-FRA Blitz Online Qual"]
[Site "Europe-Chess INT"]
[Date "2020.05.16"]
[Round "8"]
[White "Redjem, Mohamed"]
[Black "Ferey, Antonin"]
[Result "1/2-1/2"]
[WhiteElo "1777"]
[BlackElo "2138"]
[WhiteFideId "20608128"]
[BlackFideId "36051454"]
[EventDate "2020.05.16"]

1. d4 Nf6 2. c4 e6 3. Nc3 Bb4 4. Qc2 O-O 5. a3 Bxc3+ 6. Qxc3 b5 7. e3 c5 8. cxb5
cxd4 9. Qxd4 a6 10. bxa6 Bxa6 11. Bxa6 Nxa6 12. Nf3 Qc7 13. O-O Nc5 14. Qd1 Rab8
15. b4 Nce4 16. Bb2 Rfc8 17. Rc1 Qa7 18. Rxc8+ Rxc8 19. Nd4 h6 20. Qd3 d5 21. f3
Nd6 22. Nb3 Nc4 23. Bd4 Qxa3 24. Bc5 Qb2 25. e4 Ra8 26. exd5 Ne5 27. Qe3 Nxd5
28. Qe4 Ra2 29. f4 Qxb3 30. fxe5 Qb2 31. Qf3 Kh8 32. h3 Qxe5 33. Qxf7 Nf6 34.
Qb7 Qg5 35. Be7 Rb2 36. Bxf6 gxf6 37. Qc8+ Kh7 38. Qd7+ Kg6 39. Qe8+ Kg7 40.
Qe7+ Kg6 41. Qe8+ Kg7 42. Qe7+ Kg6 43. Qe8+ 1/2-1/2

[Event "ch-FRA Blitz Online Qual"]
[Site "Europe-Chess INT"]
[Date "2020.05.16"]
[Round "8"]
[White "Carlier-Bromberg, Paul"]
[Black "Delabarre, Olivier"]
[Result "1-0"]
[WhiteElo "1790"]
[BlackElo "1997"]
[WhiteFideId "36099155"]
[BlackFideId "632481"]
[EventDate "2020.05.16"]

1. e4 c5 2. Nc3 a6 3. Nf3 e6 4. d4 cxd4 5. Nxd4 Nc6 6. Be2 Qc7 7. O-O Nf6 8. f4
Nxd4 9. Qxd4 Bc5 10. Be3 Bxd4 11. Bxd4 O-O 12. Rad1 d6 13. e5 dxe5 14. Bxe5 Qb6+
15. Kh1 Qxb2 16. Ne4 Qxc2 17. Bxf6 Qxe2 18. Rfe1 Qxa2 19. Be7 Re8 20. Re3 f5 21.
Rg3 Rxe7 22. Rd8+ Kf7 23. Nd6+ Kf6 24. Rf8+ Rf7 25. Rxf7# 1-0